| 000 | 00382nam a22001697a 4500 | ||
|---|---|---|---|
| 005 | 20160622120158.0 | ||
| 008 | 160622b xxu||||| |||| 00| 0 eng d | ||
| 020 | _a978-81-203-3259-1 | ||
| 041 | _aeng | ||
| 082 | _b9190 | ||
| 100 |
_aGovindarajan, M _92491 |
||
| 245 | _aMarketing Management | ||
| 260 |
_bPHI _c2007 |
||
| 300 | _a301 | ||
| 650 |
_aManagement _9241 |
||
| 942 | _cBK | ||
| 999 |
_c3543 _d3542 |
||